000
00328nam a22001337a 4500
008
180922b xxu||||| |||| 00| 0 eng d
020
_a
9780716723745
041
_a
eng
080
_2
5th
_a
611
100
_a
7
101
_a
ANA
245
_a
Atlas and Dissection Guide for Comparative Anatomy
_c
Wischnitzer, S
942
_2
udc
_c
BK
999
_c
48299
_d
48299